General Knowledge Quiz #29 - Statistics

General Stats
  • This quiz has been taken 165,829 times
    122,115 since last reset
  • The average score is 12 of 20
Answer Stats
Question Answer % Correct
What human organ is composed of atriums and ventricles? Heart
95%
Fill in the blank: In the jungle, the mighty jungle, the lion ____ _____ Sleeps tonight
92%
Which part of a rabbit is considered lucky? Foot
89%
What animal has the scientific name Canis lupus familiaris? Dog
82%
What is someone doing if they are perspiring? Sweating
82%
What is the average human body temperature? 37 °C
81%
What country is also known as Burma? Myanmar
72%
What canal connects the Red Sea to the Mediterranean Sea? Suez Canal
72%
Peter Pan lived in Neverland. Who lived at Neverland Ranch in California? Michael Jackson
65%
What is the capital of Wales? Cardiff
64%
What singer was known for saying "Thank you. Thank you very much"? Elvis Presley
59%
Who trained dogs to salivate at the ring of a bell? Ivan Pavlov
58%
What country's leader, Anwar Sadat, was assassinated in 1981 two years after signing a peace treaty with Israel? Egypt
53%
Who is the father of Zeus? Cronus
44%
In Canada, what holiday happens on the second Monday of October? Thanksgiving
44%
What cartoon villain is an enthusiast customer of Acme Products? Wile E. Coyote
44%
What famous document starts: "When in the Course of human events, it becomes necessary..." U.S. Declaration of Independence
40%
What country is composed of 26 cantons? Switzerland
38%
What is the most prominent Mormon university? Brigham Young University
35%
What is sold at Lloyd's of London? Insurance
24%
No matching quizzes found
Score Distribution
Percent of People with Each Score
Percentile by Number Answered
Your Score History
You have not taken this quiz since the last reset